00353nam a2200109Ia 4500008004100000082000800041100001900049245005700068942000600125952009700131999001500228240331s9999 xx 000 0 und d bTHA aThaper, Romila 0aCommunalism and the historical legacy :bsome facets cL 001040708LaWERCLbWERCLcSSCd2024-03-31l0o 320.54 THAp480r2024-03-31w2024-03-31yL c2310d2310